| 000 | 00699cam a22002537a 4500 | ||
|---|---|---|---|
| 001 | 001046 | ||
| 003 | armpunfd | ||
| 005 | 20140612090628.0 | ||
| 008 | 011217e1969####xx#a##########000#0#und#d | ||
| 040 |
_aarmpunfd _carmpunfd |
||
| 080 | _a347.451 B 664 | ||
| 100 | 1 | 0 | _a Borda, Guillermo A. |
| 245 | 1 | 0 | _aTratado de derecho civil : contratos |
| 260 |
_a Buenos Aires _b Perrot _c1969 |
||
| 300 | _a723p. | ||
| 650 | 7 |
_a Aparcerias _2LEMB |
|
| 650 | 7 |
_a Compraventa _2LEMB |
|
| 650 | 7 |
_a Contratos _2LEMB |
|
| 650 | 7 |
_a Locaciones Urbanas _2LEMB |
|
| 650 | 7 |
_a Locacionesrurales _2LEMB |
|
| 650 | 7 |
_a Obligaciones Del Locatario _2LEMB |
|
| 942 |
_cLB _2cdu |
||
| 945 |
_aCatalis _d2010-08-19 |
||
| 999 |
_c1037 _d231541 |
||